000 00337nam a22001577a 4500
005 20160629120008.0
008 160629b xxu||||| |||| 00| 0 eng d
041 _aeng
082 _b11013
100 _aMukherji, T.N.
_93148
245 _aDamru-Charit
260 _bNewage
300 _a160
650 _aManagement
_9241
942 _cBK
999 _c4614
_d4612